| 000 | 00762cam a2200205 a 4500 | ||
|---|---|---|---|
| 001 | 16519785 | ||
| 005 | 20241116113217.0 | ||
| 008 | 101027s20092010gh 000 0 eng | ||
| 020 | _a9964960433 (v. 1., pt. 1) | ||
| 050 | 0 | 0 |
_aKRX1750 _b.S63 2009 |
| 245 | 0 | 0 |
_aGyandoh and Griffiths' sourcebook of the constitutional law of Ghana / _cedited by Kofi Kumado and S.O. Gyandoh Jr. |
| 250 | _a2nd ed. Vol. 1 Pt. 1 | ||
| 260 |
_aAccra : _bBlack Mask, _c2009-2010. |
||
| 300 |
_axxiv, 706 pages _c26 cm. |
||
| 500 | _aRev. ed. of : A Sourcebook of the constitutional law of Ghana / compiled by S. O. Gyandoh, Jnr., and J. Griffiths. 1972- | ||
| 650 | 0 |
_aConstitutional law _zGhana. |
|
| 700 | 1 | _aKumado, Kofi. | |
| 700 | 1 | _aGyandoh, Samuel O. | |
| 942 |
_2lcc _cBK _n0 |
||
| 999 |
_c1264 _d1264 |
||